An introduction to algebraic topology /
Guardado en:
| Autor Principal: | |
|---|---|
| Formato: | Libro |
| Idioma: | English |
| Publicado: |
New York :
Springer-Verlag,
c1988.
|
| Series: | Graduate texts in mathematics ;
119 |
| Materias: | |
| Etiquetas: |
Agregar Etiqueta
Sin Etiquetas, Sea el primero en etiquetar este registro!
|
| LEADER | 00742pam a2200229 a 4500 | ||
|---|---|---|---|
| 001 | MAT.inmabb003994 | ||
| 008 | 880105s1988####nyua#####b####001#0#eng## | ||
| 005 | 20130311134835.0 | ||
| 245 | 1 | 3 | |a An introduction to algebraic topology / |c Joseph J. Rotman. |
| 260 | |a New York : |b Springer-Verlag, |c c1988. | ||
| 300 | |a xiii, 433 p. : |b il. ; |c 25 cm. | ||
| 440 | 0 | |a Graduate texts in mathematics ; |v 119 | |
| 504 | |a Bibliografía: p. [419]-421. | ||
| 510 | 4 | |a MR, |c 90e:55001 | |
| 020 | |a 0387966781 | ||
| 100 | 1 | |a Rotman, Joseph J., |d 1934- | |
| 650 | 0 | |a Algebraic topology. | |
| 084 | |a 55-01 |2 msc2000 | ||
| 010 | |a 87037646 | ||
| 040 | |a DLC |c DLC |d DLC | ||
| 859 | |h 55 |i R848 |p A-8416 |b BIB. MATEMATICA | ||
| 859 | |h 55 |i R848 |p A-8546 |t Ej. 2 |b BIB. MATEMATICA | ||
